Readings in fiscal policy
محفوظ في:
| المؤلفون الرئيسيون: | , |
|---|---|
| مؤلف مشترك: | |
| التنسيق: | كتاب |
| اللغة: | الإنجليزية |
| منشور في: |
Londres
George Allen & Unwin
1955
|
| سلاسل: | The American Economic Association Series
|
| الموضوعات: | |
| الوسوم: |
إضافة وسم
لا توجد وسوم, كن أول من يضع وسما على هذه التسجيلة!
|
MARC
| LEADER | 00000nam a2200000 a 4500 | ||
|---|---|---|---|
| 001 | UCR7950 | ||
| 003 | CL-VaPUC | ||
| 008 | 980519e19550000UK |||||||||||||||||eng|d | ||
| 082 | 0 | 4 | |a 336.3 |b SMI |2 21 |
| 100 | 0 | |a Smithies, Arthur |e author |9 409520 | |
| 700 | 0 | |a Butters, J. Keith |e author |9 409521 | |
| 110 | 2 | |a American Economic Association |e author |9 409522 | |
| 245 | 1 | 0 | |a Readings in fiscal policy |
| 300 | |a 596 p | ||
| 942 | |c BK | ||
| 945 | |d 19980519 00:00:00 |a crobeson | ||
| 260 | |a Londres |b George Allen & Unwin |c 1955 | ||
| 650 | 0 | |a Política fiscal |9 317354 | |
| 650 | 0 | |a Hacienda pública |9 258673 | |
| 650 | 0 | |a Desarrollo económico |9 259599 | |
| 650 | 0 | |a Política monetaria |9 258279 | |
| 583 | |a last modification |c 19980519 00:00:00 |k Rodrigo Vera | ||
| 490 | 0 | |a The American Economic Association Series | |
| 999 | |c 269525 |d 269523 | ||